000 00661nam a2200241Ia 4500
003 OSt
005 20220924153701.0
006 a|||||r|||| 00| 0
007 ta
008 220923b |||||||| |||| 00| 0 ben d
020 _c50
024 _a351261
037 _bM/2008/33, 01/09/2008, Mukta Dhara
_cTextual
040 _aARTS
_cARTS
_bben
041 _2ben
_aben
082 _aO157,1:g, P2
100 _aAnoare Samsho Au.
_9229510
245 0 _aShrestha kobita
260 _c2002
650 _aBENGALI POETRY
942 _hO157,1:g, P2
_cTEXL
_2CC
999 _c474487
_d474487